Tang lễ của người Thái ở Nghệ An: Khảo sát vùng Khủn Tinh huyện Quỳ Hợp
Khái quát về người Thái ở Nghệ An. Trình bày các bước tiến hành tang lễ Thái vùng Khủn Tinh (Quỳ Hợp, Nghệ An)
Đã lưu trong:
| Tác giả chính: | |
|---|---|
| Định dạng: | Sách |
| Năm xuất bản: |
H.
Đại học Quốc gia
2010
|
| Chủ đề: | |
| Tags: |
Thêm thẻ
Không có thẻ, Hãy là người đầu tiên gắn thẻ bản ghi này!
|
| LEADER | 00784nam a2200181 4500 | ||
|---|---|---|---|
| 082 | |a 392.93 |b QU105V | ||
| 100 | |a Quán Vi Miên | ||
| 245 | |a Tang lễ của người Thái ở Nghệ An: Khảo sát vùng Khủn Tinh huyện Quỳ Hợp |c Quán Vi Miên | ||
| 260 | |a H. |b Đại học Quốc gia |c 2010 | ||
| 300 | |a 1171 tr. |c 21 cm | ||
| 520 | |a Khái quát về người Thái ở Nghệ An. Trình bày các bước tiến hành tang lễ Thái vùng Khủn Tinh (Quỳ Hợp, Nghệ An) | ||
| 653 | |a Phong tục tập quán | ||
| 653 | |a Tang lễ | ||
| 653 | |a Dân tộc Thái | ||
| 653 | |a Nghệ An | ||
| 942 | |2 ddc |c SH | ||
| 999 | |c 7810 |d 7810 | ||
| 952 | |0 0 |1 0 |2 ddc |4 0 |6 392_930000000000000_QU105V |7 0 |8 300 |9 68796 |a qbu |b qbu |c D2 |d 2015-03-22 |o 392.93 QU105V |p 7748.c1 |r 0000-00-00 |w 2015-03-22 |y SH | ||